Nesoglasovannosť v uchode za rebënkom kak process vospitateľnogo vozdejstvija roditelej
Výskum vzťahu rodič - výchova - dieťa - podmienky - dôsledky. Kvalitatívna metodológia a kvalitatívny výskum danej problematiky. Interpretácia výsledkov výskumu.
Salvato in:
| Autore principale: | |
|---|---|
| Altri autori: | |
| Natura: | Capitolo di libro |
| Lingua: | russo |
| Soggetti: | |
| Tags: |
Nessun Tag, puoi essere il primo ad aggiungerne!!
|
MARC
| LEADER | 00000nla a2200000 4500 | ||
|---|---|---|---|
| 001 | 0236797 | ||
| 005 | 20240502083633.0 | ||
| 041 | 0 | |a rus | |
| 044 | |a RU | ||
| 245 | 1 | 0 | |a Nesoglasovannosť v uchode za rebënkom kak process vospitateľnogo vozdejstvija roditelej |c Roman Kvapil, Dušan Kostrub |
| 520 | |a Výskum vzťahu rodič - výchova - dieťa - podmienky - dôsledky. Kvalitatívna metodológia a kvalitatívny výskum danej problematiky. Interpretácia výsledkov výskumu. | ||
| 610 | 2 | 0 | |a výchova |
| 610 | 2 | 0 | |a deti |
| 610 | 2 | 0 | |a rodina |
| 610 | 2 | 0 | |a výskum kvalitatívny |
| 100 | 1 | |a Kvapil, Roman, 1971- | |
| 700 | 1 | |a Kostrub, Dušan | |